000 00518nam a2200181Ia 4500
008 240925s9999 xx 000 0 und d
020 _a70473765
082 _a511 LIP
100 _aLipschutz, Seymour
245 0 _a2000 Solved Problems in Discrete Mathematics
250 _a1st
260 _aNew Delhi:
_bMcGraw Hill Education (India) Private Limited
_c,2002.
300 _axiv,647p.
_bNA
_fOriginal
500 _aIncludes Index
600 _aHumanities & Natural Science
650 _aMathematics
942 _cBK
999 _c15182
_d15182